000 00597nam a2200193Ia 4500
005 20260429112315.0
008 260429s9999||||xx |||||||||||||| ||und||
020 _a9788198966780
041 _aEnglish
082 _a370.954
_bCHO
100 _aChoudhry, Babli
245 0 _aUnderstanding Indian Perspectives of Education :
_bin respect to the Indian knowledge system /
_cBabli Choudhry
260 _aNew Delhi :
_bAtal Prakasan,
_c2026.
300 _avii, 356 p.; hb
650 _a Indian philosophy of education
650 _a Knowledge system
650 _aEducation-India
942 _cTB
999 _c53406
_d53406